000
00265nam a2200121Ia 4500
008
190216s9999||||xx |||||||||||||| ||und||
100
_a
Narayan R K
245
0
_a
Next Sunday
260
_b
Pearl Pub
_c
1986
300
_a
182
650
_a
English Novel
942
_c
BK
999
_c
12804
_d
12804